市町村クイズ - 人口ランキングWORST500 ver. - Statistics

General Stats
  • This quiz has been taken 278 times
  • The average score is 188 of 500
Answer Stats
Rank 都道府県 Answer % Correct
1740 東京都 青ヶ島村
77%
1583 東京都 小笠原村
74%
1741 福島県 双葉町
70%
1720 北海道 音威子府村
68%
1739 東京都 御蔵島村
64%
1577 北海道 歌志内市
64%
1725 沖縄県 北大東村
62%
1688 沖縄県 南大東村
62%
1659 沖縄県 与那国町
62%
1632 東京都 三宅村
62%
1369 奈良県 三宅町
62%
1333 東京都 八丈町
62%
1331 東京都 大島町
62%
1313 北海道 夕張市
62%
1738 東京都 利島村
61%
1717 鹿児島県 十島村
61%
1646 北海道 利尻町
61%
1732 和歌山県 北山村
60%
1728 福島県 檜枝岐村
60%
1596 福岡県 赤村
60%
1566 奈良県 十津川村
60%
1736 新潟県 粟島浦村
58%
1653 東京都 神津島村
58%
1647 東京都 檜原村
58%
1617 北海道 利尻富士町
58%
1729 奈良県 上北山村
57%
1649 福島県 浪江町
57%
1612 北海道 礼文町
57%
1735 奈良県 野迫川村
56%
1622 北海道 奥尻町
55%
1618 東京都 新島村
55%
1605 北海道 猿払村
55%
1731 鹿児島県 三島村
53%
1714 奈良県 下北山村
53%
1686 北海道 占冠村
53%
1676 福島県 三島町
53%
1439 鹿児島県 与論町
53%
1381 北海道 松前町
53%
1304 鹿児島県 中種子町
53%
1712 福島県 大熊町
52%
1672 岐阜県 白川村
52%
1550 長野県 野沢温泉村
52%
1540 北海道 上川町
52%
1469 青森県 大間町
52%
1306 岐阜県 白川町
52%
1737 沖縄県 渡名喜村
50%
1723 島根県 知夫村
50%
1705 愛知県 豊根村
50%
1684 沖縄県 伊是名村
50%
1671 北海道 中川町
50%
1657 大分県 姫島村
50%
1471 長野県 中川村
50%
1468 北海道 羅臼町
50%
1466 東京都 奥多摩町
50%
1462 高知県 日高村
50%
1305 北海道 江差町
50%
1299 和歌山県 日高町
50%
1718 沖縄県 渡嘉敷村
49%
1486 北海道 えりも町
49%
1467 北海道 中富良野町
49%
1453 大阪府 千早赤阪村
49%
1426 岩手県 九戸村
49%
1421 鹿児島県 南種子町
49%
1703 北海道 西興部村
48%
1695 奈良県 川上村
48%
1673 奈良県 東吉野村
48%
1648 京都府 伊根町
48%
1645 岐阜県 東白川村
48%
1625 北海道 南富良野町
48%
1623 京都府 南山城村
48%
1599 埼玉県 東秩父村
48%
1579 北海道 天塩町
48%
1575 秋田県 大潟村
48%
1559 富山県 舟橋村
48%
1544 北海道 浜頓別町
48%
1524 高知県 土佐町
48%
1511 北海道 豊富町
48%
1493 長野県 朝日村
48%
1490 長野県 川上村
48%
1479 沖縄県 国頭村
48%
1448 北海道 標津町
48%
1422 北海道 大樹町
48%
1384 奈良県 吉野町
48%
1376 山形県 朝日町
48%
1358 熊本県 小国町
48%
1330 山形県 小国町
48%
1303 北海道 枝幸町
48%
1285 福井県 おおい町
48%
1283 北海道 三笠市
48%
1248 北海道 厚岸町
48%
1727 山梨県 丹波山村
47%
1715 長野県 北相木村
47%
1707 長野県 南相木村
47%
1699 沖縄県 伊平屋村
47%
1663 北海道 中頓別町
47%
1522 北海道 福島町
47%
1520 北海道 木古内町
47%
1512 沖縄県 竹富町
47%
1507 福島県 只見町
47%
1400 青森県 東通村
47%
1309 北海道 せたな町
47%
1250 群馬県 嬬恋村
47%
1719 長野県 王滝村
46%
1700 山梨県 早川町
46%
1590 北海道 寿都町
46%
1510 群馬県 片品村
46%
1721 山梨県 小菅村
45%
1701 北海道 初山別村
45%
1691 福島県 昭和村
45%
1675 奈良県 御杖村
45%
1664 青森県 風間浦村
45%
1660 長野県 栄村
45%
1655 青森県 佐井村
45%
1633 島根県 海士町
45%
1620 福井県 池田町
45%
1613 宮崎県 椎葉村
45%
1560 北海道 下川町
45%
1456 北海道 佐呂間町
45%
1435 奈良県 明日香村
45%
1379 北海道 池田町
45%
1375 北海道 広尾町
45%
1367 北海道 新十津川町
45%
1337 群馬県 昭和村
45%
1324 沖縄県 久米島町
45%
1726 長野県 売木村
44%
1681 北海道 幌加内町
44%
1666 群馬県 南牧村
44%
1629 青森県 今別町
44%
1594 島根県 西ノ島町
44%
1554 長野県 南牧村
44%
1539 鳥取県 日吉津村
44%
1533 北海道 興部町
44%
1508 北海道 様似町
44%
1504 沖縄県 伊江村
44%
1442 北海道 ニセコ町
44%
1363 北海道 足寄町
44%
1320 北海道 標茶町
44%
1311 青森県 深浦町
44%
1288 静岡県 南伊豆町
44%
1724 奈良県 黒滝村
43%
1710 北海道 神恵内村
43%
1698 群馬県 上野村
43%
1693 奈良県 天川村
43%
1687 奈良県 曽爾村
43%
1682 鹿児島県 大和村
43%
1678 岡山県 西粟倉村
43%
1654 北海道 積丹町
43%
1624 北海道 雨竜町
43%
1604 長野県 小谷村
43%
1602 長野県 木祖村
43%
1571 神奈川県 清川村
43%
1527 福島県 楢葉町
43%
1470 北海道 訓子府町
43%
1410 福島県 西会津町
43%
1405 北海道 新得町
43%
1308 愛媛県 久万高原町
43%
1271 北海道 東川町
43%
1263 北海道 洞爺湖町
43%
1734 高知県 大川村
42%
1713 岡山県 新庄村
42%
1665 鹿児島県 宇検村
42%
1650 北海道 留寿都村
42%
1640 秋田県 上小阿仁村
42%
1631 長崎県 小値賀町
42%
1626 北海道 幌延町
42%
1614 高知県 田野町
42%
1611 北海道 遠別町
42%
1593 和歌山県 太地町
42%
1440 北海道 長万部町
42%
1434 山梨県 山中湖村
42%
1420 北海道 浜中町
42%
1387 静岡県 川根本町
42%
1364 北海道 羽幌町
42%
1336 北海道 弟子屈町
42%
1326 山梨県 南部町
42%
1316 北海道 白糠町
42%
1298 長野県 原村
42%
1257 長野県 白馬村
42%
1722 沖縄県 粟国村
41%
1694 北海道 赤井川村
41%
1690 宮城県 七ケ宿町
41%
1658 北海道 北竜町
41%
1641 徳島県 佐那河内村
41%
1634 北海道 陸別町
41%
1630 北海道 秩父別町
41%
1619 熊本県 球磨村
41%
1586 鳥取県 日野町
41%
1574 北海道 豊頃町
41%
1517 北海道 中札内村
41%
1480 愛知県 設楽町
41%
1417 秋田県 八郎潟町
41%
1393 群馬県 草津町
41%
1343 和歌山県 美浜町
41%
1314 青森県 田舎館村
41%
1716 高知県 馬路村
40%
1706 宮崎県 西米良村
40%
1692 長野県 天龍村
40%
1685 福島県 飯舘村
40%
1637 高知県 東洋町
40%
1628 山口県 上関町
40%
1616 和歌山県 古座川町
40%
1589 北海道 上砂川町
40%
1585 北海道 沼田町
40%
1584 北海道 剣淵町
40%
1578 和歌山県 高野町
40%
1568 山口県 阿武町
40%
1537 北海道 比布町
40%
1525 熊本県 南小国町
40%
1491 北海道 上ノ国町
40%
1483 北海道 浦幌町
40%
1475 愛知県 飛島村
40%
1464 北海道 上士幌町
40%
1402 北海道 士幌町
40%
1346 北海道 大空町
40%
1332 静岡県 西伊豆町
40%
1329 熊本県 苓北町
40%
1697 京都府 笠置町
39%
1592 北海道 黒松内町
39%
1523 北海道 鹿部町
39%
1473 北海道 小清水町
39%
1368 鹿児島県 南大隅町
39%
1268 愛媛県 伊方町
39%
1702 沖縄県 多良間村
38%
1689 青森県 西目屋村
38%
1677 高知県 三原村
38%
1656 北海道 浦臼町
38%
1635 長野県 小川村
38%
1608 北海道 鶴居村
38%
1601 北海道 妹背牛町
38%
1570 北海道 新篠津村
38%
1561 香川県 直島町
38%
1557 北海道 和寒町
38%
1518 北海道 清里町
38%
1501 北海道 美深町
38%
1496 北海道 雄武町
38%
1481 高知県 大月町
38%
1428 北海道 新冠町
38%
1391 長野県 阿智村
38%
1382 鹿児島県 和泊町
38%
1352 鹿児島県 喜界町
38%
1247 沖縄県 今帰仁村
38%
1615 岩手県 普代村
37%
1606 北海道 愛別町
37%
1581 北海道 京極町
37%
1567 岩手県 田野畑村
37%
1535 北海道 厚沢部町
37%
1514 長野県 南木曽町
37%
1499 北海道 知内町
37%
1423 福島県 広野町
37%
1370 宮城県 女川町
37%
1353 北海道 本別町
37%
1325 広島県 大崎上島町
37%
1310 徳島県 那賀町
37%
1300 北海道 むかわ町
37%
1259 鹿児島県 瀬戸内町
37%
1709 沖縄県 座間味村
36%
1696 高知県 北川村
36%
1668 沖縄県 東村
36%
1609 福島県 北塩原村
36%
1600 秋田県 東成瀬村
36%
1588 鳥取県 若桜町
36%
1582 北海道 苫前町
36%
1580 愛知県 東栄町
36%
1572 高知県 奈半利町
36%
1565 北海道 更別村
36%
1538 群馬県 高山村
36%
1530 和歌山県 すさみ町
36%
1528 高知県 芸西村
36%
1526 徳島県 牟岐町
36%
1521 北海道 豊浦町
36%
1516 山形県 鮭川村
36%
1503 長野県 青木村
36%
1482 北海道 厚真町
36%
1476 北海道 蘭越町
36%
1458 高知県 仁淀川町
36%
1437 岩手県 西和賀町
36%
1406 鹿児島県 龍郷町
36%
1371 鳥取県 智頭町
36%
1354 長野県 高山村
36%
1340 島根県 津和野町
36%
1339 宮崎県 綾町
36%
1293 長野県 信濃町
36%
1287 石川県 穴水町
36%
1280 山形県 最上町
36%
1733 長野県 平谷村
35%
1711 長野県 根羽村
35%
1704 長野県 大鹿村
35%
1683 北海道 島牧村
35%
1679 熊本県 産山村
35%
1669 北海道 泊村
35%
1652 福島県 金山町
35%
1610 青森県 蓬田村
35%
1576 北海道 小平町
35%
1542 京都府 和束町
35%
1495 青森県 横浜町
35%
1488 島根県 美郷町
35%
1484 新潟県 刈羽村
35%
1459 宮崎県 美郷町
35%
1444 山形県 金山町
35%
1419 鹿児島県 天城町
35%
1409 北海道 共和町
35%
1396 山口県 和木町
35%
1394 静岡県 松崎町
35%
1349 神奈川県 真鶴町
35%
1275 広島県 神石高原町
35%
1269 徳島県 海陽町
35%
1245 京都府 宇治田原町
35%
1243 新潟県 津南町
35%
1674 宮崎県 諸塚村
34%
1591 山梨県 鳴沢村
34%
1569 福島県 鮫川村
34%
1562 沖縄県 大宜味村
34%
1556 奈良県 山添村
34%
1549 高知県 檮原町
34%
1457 徳島県 勝浦町
34%
1430 北海道 鹿追町
34%
1424 青森県 外ヶ浜町
34%
1411 鹿児島県 知名町
34%
1708 熊本県 五木村
33%
1667 山梨県 道志村
33%
1661 群馬県 神流町
33%
1607 長野県 麻績村
33%
1543 宮崎県 五ヶ瀬町
33%
1532 宮崎県 日之影町
33%
1498 鳥取県 日南町
33%
1487 北海道 津別町
33%
1485 長野県 木島平村
33%
1443 北海道 今金町
33%
1436 新潟県 関川村
33%
1415 佐賀県 玄海町
33%
1408 熊本県 高森町
33%
1403 沖縄県 宜野座村
33%
1399 長野県 喬木村
33%
1366 愛媛県 上島町
33%
1315 北海道 南幌町
33%
1312 北海道 安平町
33%
1267 長野県 山形村
33%
1253 三重県 大台町
33%
1730 福島県 葛尾村
32%
1651 福岡県 東峰村
32%
1598 北海道 壮瞥町
32%
1541 群馬県 川場村
32%
1438 北海道 奈井江町
32%
1432 福島県 天栄村
32%
1359 秋田県 八峰町
32%
1642 北海道 真狩村
31%
1639 福島県 富岡町
31%
1558 北海道 仁木町
31%
1552 高知県 大豊町
31%
1529 北海道 月形町
31%
1519 和歌山県 九度山町
31%
1513 岩手県 野田村
31%
1492 長野県 阿南町
31%
1461 北海道 由仁町
31%
1451 青森県 田子町
31%
1412 広島県 安芸太田町
31%
1398 高知県 中土佐町
31%
1389 石川県 川北町
31%
1388 鹿児島県 伊仙町
31%
1342 静岡県 河津町
31%
1297 新潟県 弥彦村
31%
1273 北海道 湧別町
31%
1680 徳島県 上勝町
30%
1670 長野県 泰阜村
30%
1644 熊本県 水上村
30%
1638 北海道 喜茂別町
30%
1597 北海道 古平町
30%
1595 北海道 置戸町
30%
1587 秋田県 藤里町
30%
1563 福島県 湯川村
30%
1546 北海道 乙部町
30%
1505 新潟県 出雲崎町
30%
1477 秋田県 井川町
30%
1465 北海道 平取町
30%
1452 山形県 西川町
30%
1441 群馬県 長野原町
30%
1427 和歌山県 由良町
30%
1322 山形県 真室川町
30%
1318 岩手県 平泉町
30%
1296 徳島県 つるぎ町
30%
1290 三重県 大紀町
30%
1289 三重県 度会町
30%
1281 三重県 御浜町
30%
1262 香川県 琴平町
30%
1553 島根県 川本町
29%
1545 長野県 大桑村
29%
1534 熊本県 湯前町
29%
1397 三重県 木曽岬町
29%
1392 鳥取県 三朝町
29%
1302 山形県 三川町
29%
1292 新潟県 湯沢町
29%
1277 奈良県 川西町
29%
1636 青森県 新郷村
28%
1573 山形県 大蔵村
28%
1548 福島県 磐梯町
28%
1531 愛媛県 松野町
28%
1489 長野県 小海町
28%
1431 福島県 下郷町
28%
1425 福島県 矢祭町
28%
1383 鹿児島県 東串良町
28%
1378 北海道 当麻町
28%
1362 北海道 鷹栖町
28%
1360 山形県 大石田町
28%
1357 岐阜県 関ケ原町
28%
1335 千葉県 鋸南町
28%
1294 長崎県 東彼杵町
28%
1272 福島県 塙町
28%
1261 秋田県 五城目町
28%
1509 山梨県 西桂町
27%
1502 長野県 上松町
27%
1500 長野県 筑北村
27%
1494 熊本県 津奈木町
27%
1478 岡山県 久米南町
27%
1429 高知県 津野町
27%
1401 宮城県 大衡村
27%
1341 千葉県 御宿町
27%
1307 京都府 井手町
27%
1264 大阪府 田尻町
27%
1249 千葉県 大多喜町
27%
1643 福島県 川内村
26%
1621 北海道 滝上町
26%
1564 福島県 柳津町
26%
1463 秋田県 小坂町
26%
1413 岩手県 葛巻町
26%
1390 島根県 吉賀町
26%
1386 福島県 泉崎村
26%
1385 徳島県 美波町
26%
1374 福島県 玉川村
26%
1345 和歌山県 広川町
26%
1344 埼玉県 長瀞町
26%
1323 千葉県 長南町
26%
1286 福島県 新地町
26%
1254 青森県 大鰐町
26%
1252 岩手県 岩泉町
26%
1662 長野県 生坂村
25%
1547 岐阜県 七宗町
25%
1536 長野県 下條村
25%
1474 島根県 飯南町
25%
1418 岡山県 奈義町
25%
1380 佐賀県 大町町
25%
1377 滋賀県 甲良町
25%
1356 長野県 立科町
25%
1317 滋賀県 多賀町
25%
1295 和歌山県 印南町
25%
1278 佐賀県 太良町
25%
1274 和歌山県 紀美野町
25%
1258 長野県 宮田村
25%
1242 長野県 飯島町
25%
1627 高知県 安田町
24%
1555 熊本県 山江村
24%
1515 北海道 増毛町
24%
1447 奈良県 下市町
24%
1373 熊本県 西原村
24%
1355 山形県 飯豊町
24%
1301 山形県 大江町
24%
1246 福島県 大玉村
24%
1603 鳥取県 江府町
23%
1497 山形県 戸沢村
23%
1449 福岡県 大任町
23%
1446 熊本県 玉東町
23%
1365 福岡県 吉富町
23%
1361 群馬県 下仁田町
23%
1350 千葉県 長柄町
23%
1348 奈良県 高取町
23%
1338 鹿児島県 錦江町
23%
1328 滋賀県 豊郷町
23%
1270 宮城県 川崎町
23%
1265 岩手県 軽米町
23%
1260 大分県 九重町
23%
1244 熊本県 南関町
23%
1551 高知県 本山町
22%
1455 福島県 中島村
22%
1372 長野県 豊丘村
22%
1282 岐阜県 坂祝町
22%
1256 宮崎県 高原町
22%
1506 熊本県 相良村
21%
1472 徳島県 神山町
21%
1445 岩手県 住田町
21%
1407 千葉県 神崎町
21%
1351 宮城県 色麻町
21%
1321 奈良県 安堵町
21%
1255 福島県 国見町
21%
1251 福岡県 添田町
21%
1450 山形県 舟形町
20%
1404 福島県 平田村
20%
1347 千葉県 睦沢町
20%
1319 福岡県 上毛町
20%
1454 宮崎県 木城町
19%
1433 高知県 越知町
19%
1416 長野県 長和町
19%
1414 岐阜県 富加町
19%
1395 福島県 浅川町
19%
1279 茨城県 五霞町
19%
1460 福島県 古殿町
17%
1291 宮城県 大郷町
17%
1284 埼玉県 横瀬町
17%
1334 千葉県 芝山町
16%
1276 茨城県 河内町
16%
1266 福岡県 糸田町
16%
1327 福岡県 小竹町
11%
No matching quizzes found
Score Distribution
Percent of People with Each Score
Percentile by Number Answered
Your Score History
You have not taken this quiz